The Electronic Chart Display and Information System (ECDIS) : an operational handbook / (Record no. 376)

000 -LEADER
fixed length control field 00580nam a2200169Ia 4500
008 - FIXED-LENGTH DATA ELEMENTS--GENERAL INFORMATION
fixed length control field 190805s9999||||xx |||||||||||||| ||und||
020 ## - INTERNATIONAL STANDARD BOOK NUMBER
International Standard Book Number 9780415482462
Terms of availability £ 255.00
040 ## - CATALOGING SOURCE
Original cataloging agency IMU Kochi Library
082 04 - DEWEY DECIMAL CLASSIFICATION NUMBER
Classification number 623.893
Item number W4336
Edition number 23
100 1# - MAIN ENTRY--PERSONAL NAME
Personal name Weintrit, Adam
245 14 - TITLE STATEMENT
Title The Electronic Chart Display and Information System (ECDIS) : an operational handbook /
260 ## - PUBLICATION, DISTRIBUTION, ETC. (IMPRINT)
Place of publication, distribution, etc Boca Raton :
Name of publisher, distributor, etc CRC Press,
Date of publication, distribution, etc 2009
300 ## - PHYSICAL DESCRIPTION
Extent xxi,x, 1101 p. :
Other physical details col. ill. ;
Dimensions 25 cm. +
Accompanying material 1 CD-ROM
650 #0 - SUBJECT ADDED ENTRY--TOPICAL TERM
Topical term or geographic name as entry element Nautical charts
General subdivision Data processing
Form subdivision Handbooks, manuals, etc.
852 ## - LOCATION/CALL NUMBER
Location IMU Kochi Library
942 ## - ADDED ENTRY ELEMENTS (KOHA)
Item type Reference book
Holdings
Withdrawn status Lost status Damaged status Not for loan Collection code Permanent location Current location Shelving location Date acquired Source of acquisition Cost, normal purchase price Full call number Barcode Date last seen Koha item type Public note Source of classification or shelving scheme
        Nautical Science IMU Kochi Library IMU Kochi Library Reference 2018-08-11 Apex Book Services 22932.15 623.893 W4336 BK005494 2019-08-05 Reference book Shelf-2, Row-3  
        Nautical Science IMU Kochi Library IMU Kochi Library Reference 2018-08-11 Apex Book Services 22932.15 623.893 W4336 BK005493 2019-08-05 Reference book Shelf-2, Row-3  
        Nautical Science IMU Kochi Library IMU Kochi Library Staff Office 2018-08-11 Accompanying Material (free with textbook)   623.893 W4336 CD 005493CD 2020-09-14 Compact Disc Circulation Sec, Drawer No.4  
        Nautical Science IMU Kochi Library IMU Kochi Library Staff Office 2018-08-11 Accompanying Material (free with textbook)   623.893 W4336 CD 005494CD 2020-09-14 Compact Disc Circulation Sec, Drawer No.4  


Copyright © All Rights Reserved by Indian Maritime University, Kochi Campus.
For any Suggestions/Query Contact to library or Email: library.kochi@imu.ac.in Ph:(0484)-2989402
(Web OPAC Designed by Rudra Ranjan. Maintained by IMU Kochi Library)

Powered by Koha